| 000 | 00394nam a22001697a 4500 | ||
|---|---|---|---|
| 005 | 20250619111325.0 | ||
| 008 | 250507b |||||||| |||| 00| 0 eng d | ||
| 020 | _a9780349143590 | ||
| 040 | _cSDCL | ||
| 041 | _aeng | ||
| 084 | _aO-,3N70 Q7 LR | ||
| 100 |
_aGreer, Andrew Sean _9754870 |
||
| 245 | _aLess | ||
| 260 |
_aLondon : _bAbacus, _c2017. |
||
| 300 | _a261p | ||
| 942 |
_2CC _cGB |
||
| 999 |
_c1312936 _d1312936 |
||